UM Logo

SC justice sees Phl victory vs China on maritime claim/ (Record no. 9830)

MARC details
000 -LEADER
fixed length control field 00376nam a2200121 4500
008 - FIXED-LENGTH DATA ELEMENTS--GENERAL INFORMATION
fixed length control field 180718b ||||| |||| 00| 0 eng d
100 ## - MAIN ENTRY--PERSONAL NAME
9 (RLIN) 29081
Personal name Laude, Jaime
245 ## - TITLE STATEMENT
Title SC justice sees Phl victory vs China on maritime claim/
Statement of responsibility, etc. Jaime Laude
260 ## - PUBLICATION, DISTRIBUTION, ETC. (IMPRINT)
Place of publication, distribution, etc. Philippines
Name of publisher, distributor, etc. The Philippine Star
Date of publication, distribution, etc. c2016
300 ## - PHYSICAL DESCRIPTION
Extent page 11.
650 #0 - SUBJECT ADDED ENTRY--TOPICAL TERM
9 (RLIN) 29082
Topical term or geographic name as entry element Territorial waters.
942 ## - ADDED ENTRY ELEMENTS (KOHA)
Source of classification or shelving scheme Dewey Decimal Classification
Koha item type Periodicals
Holdings
Withdrawn status Lost status Source of classification or shelving scheme Damaged status Not for loan Collection code Home library Current library Date acquired Total Checkouts Date last seen Price effective from Koha item type Public note
    Dewey Decimal Classification     Periodicals UM Digos College - LIC UM Digos College - LIC 07/18/2018   07/18/2018 07/18/2018 Periodicals Newspaper Clippings